| 000 | 00381nam a22001697a 4500 | ||
|---|---|---|---|
| 005 | 20160530093501.0 | ||
| 008 | 160530b xxu||||| |||| 00| 0 eng d | ||
| 020 | _a0-07-052805-5 | ||
| 041 | _aeng | ||
| 082 | _b5865 | ||
| 100 |
_aNargundkar, Rajendra _91350 |
||
| 245 | _aMarketing Research | ||
| 260 |
_bTMH _c2004 |
||
| 300 | _a487 | ||
| 650 |
_aManagement _9241 |
||
| 942 | _cBK | ||
| 999 |
_c2079 _d2078 |
||